The Monster Within: (Record no. 190844)

MARC details
000 -LEADER
fixed length control field 00603nam a22001937a 4500
005 - DATE AND TIME OF LATEST TRANSACTION
control field 20220805170352.0
010 ## - LCCN (DPL NO)
LC control number ENG-134325
020 ## - INTERNATIONAL STANDARD BOOK NUMBER
International Standard Book Number 9789391091323
Terms of availability 299.00
035 ## - SYSTEM CONTROL NUMBER
System control number EN-117857
037 ## - SOURCE OF ACQUISITION
Source of stock number/acquisition DBAD/PUB
082 ## - DEWEY DECIMAL CLASSIFICATION NUMBER
Classification number 824.914
100 ## - MAIN ENTRY--PERSONAL NAME
Personal name Anand, Jernail Singh
245 ## - TITLE STATEMENT
Title The Monster Within:
Remainder of title Quasi Fiction/
Statement of responsibility, etc Jernail Singh Anand
250 ## - EDITION STATEMENT
Edition statement 3rd Edition
260 ## - PUBLICATION, DISTRIBUTION, ETC. (IMPRINT)
Place of publication, distribution, etc Gurugram
Name of publisher, distributor, etc The Poetry Society of India
Date of publication, distribution, etc 2022
270 ## - ADDRESS
Address H-23/16, DLF Phase-I
City Gurugram
Postal code 122002
Electronic mail address thepoertysoindia@gmail.com
300 ## - PHYSICAL DESCRIPTION
Extent xi, 107p.
Dimensions 21cm(pbk)
942 ## - ADDED ENTRY ELEMENTS (KOHA)
Source of classification or shelving scheme Dewey Decimal Classification
Item type English Books
Classification part 824.914
Call number suffix ANA
Holdings
Withdrawn status Lost status Not for loan Collection code Home library Current library Date acquired Source of acquisition Cost, normal purchase price Full call number Barcode Copy number Cost, replacement price Koha item type
      Non-fiction Bawana Bawana 05/08/2022 DBAD/PUB 299.00 824.914 ANA EN-117857 1 299.00 English Books

© Delhi Public Library
Hit Counter
free hit counter